000 00426nam a22001457a 4500
005 20260116190739.0
008 260116b |||||||| |||| 00| 0 eng d
020 _a9780072475982
050 _aHF5635
_b.M36 MAR
100 _aMarshall David H.
245 _aAccounting:
_bWhat the numbers mean/
_cDavid H. Marshall, Wayne W. McManus & Daniel F. Viele
250 _a5th Ed.
650 _2Accounting
942 _2lcc
_cBK
_e5th Ed.
_n0
999 _c8594
_d8594